ბათუმის შოთა რუსთაველის სახელმწიფო უნივერსიტეტის ბიბლიოთეკა

Краткий справочник к расчетам деталей машин (ბიბ.ჩანაწერი № 38689)

000 -LEADER
fixed length control field 00735nam a2200217Ia 4500
001 - CONTROL NUMBER
control field 4947
003 - CONTROL NUMBER IDENTIFIER
control field GE_BSU
008 - FIXED-LENGTH DATA ELEMENTS--GENERAL INFORMATION
fixed length control field 181216s||||||||xx |||||||||||||| ||und||
040 ## - CATALOGING SOURCE
Transcribing agency GE_BSU
080 ## - UNIVERSAL DECIMAL CLASSIFICATION NUMBER
Universal Decimal Classification number 621.81(035):681.3
100 ## - MAIN ENTRY--PERSONAL NAME
Personal name Гузенков,П.Г.
245 ## - TITLE STATEMENT
Title Краткий справочник к расчетам деталей машин
245 ## - TITLE STATEMENT
Statement of responsibility, etc. Ред. Н.Н.Ещенко.
250 ## - EDITION STATEMENT
Edition statement Изд 5-е.переработанное и дополненное.
260 ## - PUBLICATION, DISTRIBUTION, ETC.
Place of publication, distribution, etc. М.
260 ## - PUBLICATION, DISTRIBUTION, ETC.
Name of publisher, distributor, etc. Высшая школа.
260 ## - PUBLICATION, DISTRIBUTION, ETC.
Date of publication, distribution, etc. 1968.
300 ## - PHYSICAL DESCRIPTION
Extent 312стр.20см.библиогр.:стр.308-309.
653 ## - INDEX TERM--UNCONTROLLED
Uncontrolled term Краткий справочник к расчетам деталей машин.
942 ## - ADDED ENTRY ELEMENTS (KOHA)
Koha item type წიგნი
ეგზემპლარები
Withdrawn status Lost status Damaged status Not for loan Date acquired Barcode Date last seen Price effective from Koha item type
        2018-12-17 11149 2018-12-17 2018-12-17 წიგნი
        2018-12-17 11150 2018-12-17 2018-12-17 წიგნი